Functional English grammar and composition. (Record no. 7390)

MARC details
000 -LEADER
fixed length control field 00421nam a2200145 4500
020 ## - INTERNATIONAL STANDARD BOOK NUMBER
ISBN 9788131801529
050 ## - CALL NUMBER
Classification number PE1112 .K53
100 ## - AUTHOR
Personal name Khandelwal, S. K.
245 ## - TITLE
Title Functional English grammar and composition.
Statement of responsibility, etc by S.K. Khandelwal
260 ## - PUBLICATION INFORMATION
Place of publication New Delhi
Name of publisher Laxmi Publications Ltd.
300 ## - DESCRIPTION
Number of Pages 524p.
650 ## - SUBJECTS
Topical Term English language--Grammar.
650 ## - SUBJECTS
Topical Term English language--Composition and exercises.
942 ## - ADDED ENTRY ELEMENTS (KOHA)
Koha item type Books
Holdings
Withdrawn status Lost status Collection code Home library Current library Shelving location Date acquired Full call number Accession Number Koha item type
    Non-fiction Methodist University Library Main Methodist University Library Main General Stacks 12/08/2020 PE1112 .K53 20337 Books
Copyright © 2026  MUG Library